<?xml version="1.0" encoding="UTF-8"?>
<record
    xmlns:xsi="http://www.w3.org/2001/XMLSchema-instance"
    xsi:schemaLocation="http://www.loc.gov/MARC21/slim http://www.loc.gov/standards/marcxml/schema/MARC21slim.xsd"
    xmlns="http://www.loc.gov/MARC21/slim">

  <leader>01122nab a2200217 i 4500</leader>
  <controlfield tag="001">BPP</controlfield>
  <controlfield tag="003">BPK</controlfield>
  <controlfield tag="005">20160126130426.0</controlfield>
  <controlfield tag="008">160126s1981    pl  |  |     |000 ||pol</controlfield>
  <datafield tag="040" ind1=" " ind2=" ">
    <subfield code="c">BPK</subfield>
  </datafield>
  <datafield tag="080" ind1=" " ind2=" ">
    <subfield code="a">1</subfield>
  </datafield>
  <datafield tag="100" ind1=" " ind2=" ">
    <subfield code="a">SADY, Wojciech.</subfield>
    <subfield code="d">1980 - 1982.</subfield>
    <subfield code="b">Wy&#x17C;sza Szko&#x142;a In&#x17C;ynierska w Koszalinie - Instytut Nauk Spo&#x142;ecznych,</subfield>
    <subfield code="c">Zak&#x142;ad Filozofii</subfield>
  </datafield>
  <datafield tag="245" ind1=" " ind2=" ">
    <subfield code="a">O mechanizmie rewolucji naukowych /</subfield>
    <subfield code="c">Wojciech Sady.</subfield>
  </datafield>
  <datafield tag="260" ind1=" " ind2=" ">
    <subfield code="c">1981.</subfield>
  </datafield>
  <datafield tag="500" ind1=" " ind2=" ">
    <subfield code="a">Dane z autopsji.</subfield>
  </datafield>
  <datafield tag="520" ind1=" " ind2=" ">
    <subfield code="a">Artyku&#x142; po&#x15B;wi&#x119;cony jest analizie mechanizm&#xF3;w, kt&#xF3;re prowadz&#x105; do powstawania w historycznym rozwoju nauki rewolucyjnych prze&#x142;om&#xF3;w, zmieniaj&#x105;cych radykalnie naukowy obraz &#x15B;wiata. Zachodzenie problem&#xF3;w wyja&#x15B;nia si&#x119; poprzez analiz&#x119; mechanizm&#xF3;w ewolucji j&#x119;zyka nauki. Tym samym procesy powstawania nowych program&#xF3;w badawczych opisywane s&#x105; bez odwo&#x142;ywania si&#x119; do wp&#x142;yw&#xF3;w czynnik&#xF3;w zewn&#x119;trznych wobec dzia&#x142;a&#x144; swoi&#x15B;cie naukowych.</subfield>
  </datafield>
  <datafield tag="650" ind1=" " ind2="0">
    <subfield code="a">Rewolucja naukowo-techniczna.</subfield>
  </datafield>
  <datafield tag="650" ind1=" " ind2=" ">
    <subfield code="a">J&#x119;zyki - nauka.</subfield>
  </datafield>
  <datafield tag="773" ind1=" " ind2=" ">
    <subfield code="i">W :</subfield>
    <subfield code="t">Studia Filozoficzne. -</subfield>
    <subfield code="g">1981, nr 4 (185), s. 3-16</subfield>
  </datafield>
  <datafield tag="942" ind1=" " ind2=" ">
    <subfield code="c">ART</subfield>
    <subfield code="2">UKD</subfield>
  </datafield>
  <datafield tag="999" ind1=" " ind2=" ">
    <subfield code="c">7143</subfield>
    <subfield code="d">7143</subfield>
  </datafield>
  <datafield tag="952" ind1=" " ind2=" ">
    <subfield code="0">0</subfield>
    <subfield code="1">0</subfield>
    <subfield code="4">0</subfield>
    <subfield code="7">0</subfield>
    <subfield code="a">BPK</subfield>
    <subfield code="b">BPK</subfield>
    <subfield code="o">02</subfield>
    <subfield code="y">ART</subfield>
  </datafield>
</record>
